Loading...
10 RULES FOR STRATEGIC INNOVATORS FROM IDEA TO EXECUTION
| Main Author: | |
|---|---|
| Format: | Printed Book |
| Published: |
BOSTON
HARVARD BUSINESS SCHOOL PRESS
2005,2007
|
| Edition: | 1 |
| LEADER | 00552nam a22001577a 4500 | ||
|---|---|---|---|
| 003 | OSt | ||
| 020 | |a 978-1-4221-1058-4 | ||
| 082 | |a 658.4012 VIJ/RU | ||
| 100 | |a VIJAY GOVINDARAJAN,CHRIS TRIMBLE | ||
| 245 | |a 10 RULES FOR STRATEGIC INNOVATORS FROM IDEA TO EXECUTION | ||
| 250 | |a 1 | ||
| 260 | |a BOSTON |b HARVARD BUSINESS SCHOOL PRESS |c 2005,2007 | ||
| 300 | |a 224p. | ||
| 942 | |2 ddc |c BK | ||
| 999 | |c 189891 |d 189891 | ||
| 952 | |0 0 |1 0 |2 ddc |4 0 |6 658_401200000000000_VIJ_RU |7 0 |8 NFIC |9 196135 |a KAUCBV |b KAUCBV |c CHILD |d 2017-10-06 |g 495.00 |o 658.4012 VIJ/RU |r 2017-10-06 |w 2017-10-06 |y BK | ||